| 000 | 00432nam a2200157Ia 4500 | ||
|---|---|---|---|
| 008 | 130318s9999 xx 000 0 und d | ||
| 020 | _a8178081350 | ||
| 082 | _a005.12 GAM/D | ||
| 100 | _aGamma, Erich | ||
| 245 | _aDesign patterns: Elements of reusable object-oriented software | ||
| 260 |
_bPearson Education _aNew Delhi _c2004 |
||
| 300 | _a395 | ||
| 650 | _aDESIGN PATTERNS | ||
| 700 | _aHelm, Richard | ||
| 700 | _aJohnson, Ralph | ||
| 999 |
_c824 _d824 |
||